[Event "CAN-op"]
[Site "Kitchener CAN"]
[Date "2006.07.22"]
[Round "8"]
[White "Calugar, Arthur"]
[Black "Lee, Vicente jr."]
[Result "0-1"]
[WhiteElo "2034"]
[BlackElo "2257"]
[PlyCount "60"]
[EventDate "2006.07.15"]
[EventType "swiss"]
[EventRounds "9"]
[EventCountry "CAN"]

1. Nf3 d5 2. b3 c5 3. Bb2 Nc6 4. e3 a6 5. Be2 d4 6. exd4 cxd4 7. O-O e5 8. Re1
Bd6 9. Bc4 Kf8 10. c3 Bg4 11. h3 Bh5 12. g4 Bg6 13. cxd4 exd4 14. Qe2 h5 15. g5
h4 16. Nxd4 Qxg5+ 17. Kf1 Nxd4 18. Bxd4 b5 19. Bd3 Rh6 20. Be3 Qd5 21. Be4 Qxe4
22. f3 Qf5 23. Bxh6 Nxh6 24. Qg2 Qd3+ 25. Qe2 Bg3 26. Rc1 Qd4 27. Rc3 Re8 28.
Re3 Rxe3 29. Qxe3 Qxa1 30. Qc5+ Kg8 0-1

[Event "Battle of Alberta"]
[Site "Red Deer CAN"]
[Date "2006.07.08"]
[Round "1"]
[White "Lee, Vicente jr."]
[Black "Neven, Knut"]
[Result "1/2-1/2"]
[WhiteElo "2257"]
[BlackElo "2260"]
[PlyCount "85"]
[EventDate "2006.07.08"]
[EventType "team"]
[EventRounds "2"]
[EventCountry "CAN"]

1. e4 e6 2. d4 d5 3. Nc3 Bb4 4. e5 c5 5. a3 Bxc3+ 6. bxc3 Ne7 7. a4 Nbc6 8. Nf3
Qa5 9. Bd2 Bd7 10. Qc1 f6 11. Rb1 Qc7 12. exf6 gxf6 13. Qa3 c4 14. Be2 O-O-O
15. O-O Nf5 16. Rb2 Rhg8 17. Rfb1 b6 18. Kh1 Rg7 19. g3 e5 20. Rb5 Be6 21. a5
Nxa5 22. Rxa5 bxa5 23. Rb5 Bd7 24. Rxa5 Bc6 25. Bf1 Nd6 26. dxe5 d4 27. exd6
Bxf3+ 28. Kg1 Qxd6 29. Rc5+ Rc7 30. Bh3+ Kb7 31. Rxc7+ Qxc7 32. cxd4 Bd5 33.
Ba5 Qd6 34. Qb2+ Ka8 35. Bxd8 Qxd8 36. Qb5 Qd6 37. Bf1 a6 38. Qa4 Qe6 39. Qa5
Kb7 40. Qb4+ Ka7 41. Qc5+ Kb7 42. Qb4+ Ka7 43. Qc5+ 1/2-1/2

[Event "Battle of Alberta"]
[Site "Red Deer CAN"]
[Date "2006.07.08"]
[Round "2"]
[White "Neven, Knut"]
[Black "Lee, Vicente jr."]
[Result "1/2-1/2"]
[WhiteElo "2260"]
[BlackElo "2257"]
[PlyCount "106"]
[EventDate "2006.07.08"]
[EventType "team"]
[EventRounds "2"]
[EventCountry "CAN"]

1. e4 c5 2. Nf3 Nc6 3. Bb5 g6 4. O-O Bg7 5. d3 Nf6 6. Bxc6 bxc6 7. Nc3 O-O 8.
Be3 d6 9. h3 Rb8 10. Rb1 e5 11. Qd2 Nh5 12. g4 Nf6 13. Ne2 h5 14. g5 Nh7 15.
Kg2 f5 16. gxf6 Qxf6 17. Nfg1 g5 18. Ng3 Qg6 19. f3 Rf4 20. b4 d5 21. bxc5 Rxb1
22. Rxb1 Be6 23. Rb8+ Bf8 24. Qa5 g4 25. hxg4 hxg4 26. Qd8 gxf3+ 27. Nxf3 Qg4
28. Bxf4 exf4 29. Qh4 Qxh4 30. Nxh4 fxg3 31. Ng6 dxe4 32. dxe4 Bxa2 33. Kxg3
Kg7 34. Nxf8 Nxf8 35. Rc8 Ne6 36. Rxc6 Kf6 37. Ra6 Bb1 38. c6 Ke5 39. Rxa7 Kd6
40. Rd7+ Kxc6 41. Rd2 Ba2 42. Kg4 Kc5 43. Kf5 Bc4 44. Kf6 Kb4 45. Rd6 Nc5 46.
Ke5 Kc3 47. Rc6 Nd7+ 48. Kd6 Nf6 49. e5 Ne4+ 50. Ke7 Kd4 51. e6 Ng5 52. c3+
Kxc3 53. Kf6 Nxe6 1/2-1/2

[Event "Edmonton int."]
[Site "Edmonton CAN"]
[Date "2006.04.13"]
[Round "1"]
[White "Day, Lawrence"]
[Black "Lee, Vicente jr."]
[Result "1/2-1/2"]
[WhiteElo "2289"]
[BlackElo "2222"]
[PlyCount "53"]
[EventDate "2006.04.13"]
[EventType "tourn"]
[EventRounds "9"]
[EventCountry "CAN"]

1. e4 c5 2. Nc3 Nc6 3. g3 g6 4. Bg2 Bg7 5. d3 e5 6. Nh3 Nge7 7. O-O d6 8. f4
O-O 9. f5 f6 10. g4 gxf5 11. gxf5 Nd4 12. Ne2 Nxe2+ 13. Qxe2 Bd7 14. Kh1 Kh8
15. Rg1 Rg8 16. Be3 Rc8 17. Qf2 Qf8 18. Qh4 d5 19. c4 dxc4 20. dxc4 Nc6 21.
Raf1 Nd4 22. Rf2 Bc6 23. Bf3 Nxf3 24. Rxf3 Qf7 25. Nf2 Bf8 26. Rxg8+ Kxg8 27.
Kg1 1/2-1/2

[Event "Edmonton int."]
[Site "Edmonton CAN"]
[Date "2006.04.14"]
[Round "2"]
[White "Lee, Vicente jr."]
[Black "Gardner, Robert"]
[Result "1/2-1/2"]
[WhiteElo "2222"]
[BlackElo "2240"]
[PlyCount "186"]
[EventDate "2006.04.13"]
[EventType "tourn"]
[EventRounds "9"]
[EventCountry "CAN"]

1. d4 Nf6 2. c4 c5 3. d5 b5 4. cxb5 a6 5. b6 d6 6. Nc3 Nbd7 7. g3 g6 8. Bg2 Bg7
9. Nf3 O-O 10. O-O Nxb6 11. h3 Bb7 12. Nh4 Kh8 13. e4 Nfd7 14. f4 a5 15. Kh2
Ba6 16. Re1 Rb8 17. Nf3 Nc4 18. Qc2 Qb6 19. Rb1 Qb4 20. Nd2 Na3 21. bxa3 Qxc3
22. Qxc3 Bxc3 23. Rb3 Bg7 24. h4 c4 25. Rxb8 Rxb8 26. Bf1 Bc3 27. Rd1 Nc5 28.
Nxc4 Nxe4 29. Be3 Nf6 30. Bg1 h5 31. Nb6 Ng4+ 32. Kg2 Bxf1+ 33. Kxf1 Kg7 34.
Ke2 Bb2 35. Rd3 Nf6 36. Rb3 Ba1 37. Rb1 Nxd5 38. Rxa1 Nxb6 39. Rb1 Nd7 40. Rxb8
Nxb8 41. Kd3 Kf6 42. Kc4 Ke6 43. Kb5 Kd5 44. Kxa5 Kc6 45. a4 Kb7 46. Kb5 Na6
47. a5 Nc7+ 48. Kc4 Kc6 49. a4 f6 50. Bb6 e5 51. fxe5 fxe5 52. Be3 d5+ 53. Kb4
Na6+ 54. Kb3 Nc5+ 55. Kb4 d4 56. Bh6 Ne4 57. Bg7 d3 58. Kb3 Kd5 59. a6 Nc5+ 60.
Kc3 Nxa6 61. Kxd3 Nc5+ 62. Ke3 Nxa4 63. Kf3 Nc5 64. g4 Ne6 65. gxh5 gxh5 66.
Bf6 Nd4+ 67. Ke3 Ke6 68. Bg5 Kf5 69. Bd8 Ne6 70. Be7 Nf4 71. Kf3 e4+ 72. Kf2
Ng6 73. Bd8 Ne5 74. Bc7 Ng4+ 75. Ke2 Ke6 76. Bb8 Kd5 77. Ba7 Nh6 78. Bb6 Nf5
79. Bd8 Ke5 80. Bg5 Nd4+ 81. Ke3 Ne6 82. Be7 Ng7 83. Bg5 Kf5 84. Be7 Ne6 85.
Bd6 Nd8 86. Bc7 Nf7 87. Bf4 Ne5 88. Bg5 Ng4+ 89. Ke2 Ke5 90. Bd8 e3 91. Bb6 Ke4
92. Bc5 Kf4 93. Bd6+ Ke4 1/2-1/2

[Event "Edmonton int."]
[Site "Edmonton CAN"]
[Date "2006.04.14"]
[Round "3"]
[White "Zilberstein, Dmitry"]
[Black "Lee, Vicente jr."]
[Result "1/2-1/2"]
[WhiteElo "2381"]
[BlackElo "2222"]
[PlyCount "55"]
[EventDate "2006.04.13"]
[EventType "tourn"]
[EventRounds "9"]
[EventCountry "CAN"]

1. d4 Nf6 2. c4 e6 3. Nc3 Bb4 4. e3 O-O 5. Bd3 c5 6. Nf3 b6 7. O-O Bb7 8. Na4
cxd4 9. a3 Be7 10. exd4 Qc7 11. Nc3 d5 12. cxd5 Nxd5 13. Bd2 Nd7 14. Re1 Rad8
15. Rc1 Qb8 16. Bb1 N7f6 17. Ne5 Nxc3 18. Bxc3 Qa8 19. f3 Nd5 20. Qd3 g6 21.
Bd2 Rfe8 22. Kh1 f5 23. Qe2 Bh4 24. Red1 Re7 25. Ba2 Bf6 26. Qf2 g5 27. Qg3 Rg7
28. Qh3 1/2-1/2

[Event "Edmonton int."]
[Site "Edmonton CAN"]
[Date "2006.04.15"]
[Round "4"]
[White "Lee, Vicente jr."]
[Black "Vavrak, Peter"]
[Result "0-1"]
[WhiteElo "2222"]
[BlackElo "2408"]
[PlyCount "46"]
[EventDate "2006.04.13"]
[EventType "tourn"]
[EventRounds "9"]
[EventCountry "CAN"]

1. e4 e6 2. d4 d5 3. e5 c5 4. c3 Qb6 5. Nf3 Bd7 6. a3 a5 7. Be2 a4 8. O-O Nc6
9. dxc5 Bxc5 10. c4 d4 11. Bd3 Nge7 12. Qe2 Ng6 13. Bg5 O-O 14. h4 f6 15. Bxg6
hxg6 16. exf6 gxf6 17. Bh6 Rf7 18. Nbd2 e5 19. Ne4 Be7 20. c5 Qb3 21. Nfd2 Qd5
22. Qd3 Rh7 23. Nc4 Bf5 0-1

[Event "Edmonton int."]
[Site "Edmonton CAN"]
[Date "2006.04.16"]
[Round "6"]
[White "Lee, Vicente jr."]
[Black "Gentes, Kevin"]
[Result "0-1"]
[WhiteElo "2222"]
[BlackElo "2303"]
[PlyCount "104"]
[EventDate "2006.04.13"]
[EventType "tourn"]
[EventRounds "9"]
[EventCountry "CAN"]

1. e4 c5 2. c3 d5 3. exd5 Qxd5 4. d4 Nf6 5. Nf3 cxd4 6. cxd4 e6 7. Nc3 Qd8 8.
Bd3 Be7 9. O-O O-O 10. Qe2 Nc6 11. Rd1 Nb4 12. Bb1 b6 13. a3 Ba6 14. Qe1 Nbd5
15. Ne5 Rc8 16. Ne4 Nxe4 17. Qxe4 Nf6 18. Qh4 g6 19. Ba2 Be2 20. Rd2 Ng4 21.
Qh3 Nxe5 22. Rxe2 Qxd4 23. Be3 Qg4 24. Qxg4 Nxg4 25. Bd4 Rfd8 26. Bc3 Bf6 27.
h3 Bxc3 28. hxg4 Bf6 29. g3 Kg7 30. Kg2 Rd4 31. f3 Rcd8 32. Rc1 Rd2 33. Rc2
Rxe2+ 34. Rxe2 Rd1 35. f4 h6 36. Rc2 Ra1 37. Bc4 Rb1 38. b3 b5 39. Bxb5 Rxb3
40. a4 Bc3 41. Kf2 Kf6 42. Re2 Bd4+ 43. Kg2 g5 44. Re4 Be3 45. Bc4 Rb2+ 46. Kf1
gxf4 47. gxf4 Rf2+ 48. Ke1 Rxf4 49. Rxf4+ Bxf4 50. Ke2 Kg5 51. Kf3 Bc7 52. Bb5
h5 0-1

[Event "Edmonton int."]
[Site "Edmonton CAN"]
[Date "2006.04.17"]
[Round "8"]
[White "Lee, Vicente jr."]
[Black "Nekrasov, Mihail"]
[Result "1/2-1/2"]
[WhiteElo "2222"]
[BlackElo "2406"]
[PlyCount "34"]
[EventDate "2006.04.13"]
[EventType "tourn"]
[EventRounds "9"]
[EventCountry "CAN"]

1. e4 d5 2. exd5 Nf6 3. d4 Nxd5 4. c4 Nb6 5. Nc3 e5 6. d5 c6 7. Be3 cxd5 8.
cxd5 Bb4 9. Qb3 Bxc3+ 10. bxc3 O-O 11. Nf3 e4 12. Ng1 Bf5 13. c4 Na6 14. Ne2
Rc8 15. Nd4 Bd7 16. Rc1 Qf6 17. Qa3 Qg6 1/2-1/2

[Event "Edmonton int."]
[Site "Edmonton CAN"]
[Date "2006.04.17"]
[Round "9"]
[White "Reeve, Jeff"]
[Black "Lee, Vicente jr."]
[Result "1-0"]
[WhiteElo "2253"]
[BlackElo "2222"]
[PlyCount "45"]
[EventDate "2006.04.13"]
[EventType "tourn"]
[EventRounds "9"]
[EventCountry "CAN"]

1. e4 e6 2. d3 d5 3. Qe2 Be7 4. Nf3 Nf6 5. g3 c5 6. e5 Nfd7 7. Bg2 Nc6 8. O-O
b5 9. h4 a5 10. Bf4 b4 11. Nbd2 Nb6 12. c4 bxc3 13. bxc3 Na4 14. Rfc1 Ba6 15.
c4 d4 16. Ne4 Qd7 17. Nd6+ Bxd6 18. exd6 O-O 19. Ng5 Rac8 20. Be4 g6 21. h5
Rfe8 22. Nxh7 Kxh7 23. hxg6+ 1-0

[Event "Lethbridge op"]
[Site "Lethbridge CAN"]
[Date "2006.04.01"]
[Round "2"]
[White "Sorgard, Graham"]
[Black "Lee, Vicente jr."]
[Result "1-0"]
[WhiteElo "1841"]
[BlackElo "2276"]
[PlyCount "63"]
[EventDate "2006.04.01"]
[EventType "swiss"]
[EventRounds "5"]
[EventCountry "CAN"]

1. e4 c5 2. Nc3 Nc6 3. f4 g6 4. Nf3 Bg7 5. Bc4 e6 6. O-O Nge7 7. d3 O-O 8. e5
d5 9. exd6 Qxd6 10. Ne4 Qd8 11. Qe1 b6 12. Ne5 Bb7 13. Nxf7 Rxf7 14. Bxe6 Nd4
15. Bxf7+ Kxf7 16. Ng5+ Kg8 17. c3 h6 18. cxd4 Bxd4+ 19. Kh1 hxg5 20. Qe6+ Kg7
21. fxg5 Nf5 22. Rxf5 Qe8 23. Rf6 Rd8 24. Bf4 Bc8 25. Rxg6+ Qxg6 26. Qe7+ Qf7
27. Qxd8 Be6 28. Qd6 Qf5 29. Re1 Kf7 30. Be5 Bf2 31. Rf1 Kg6 32. Rxf2 1-0

[Event "Lethbridge op"]
[Site "Lethbridge CAN"]
[Date "2006.04.02"]
[Round "5"]
[White "Lee, Vicente jr."]
[Black "Pua, Richard"]
[Result "1-0"]
[WhiteElo "2276"]
[BlackElo "1848"]
[PlyCount "161"]
[EventDate "2006.04.01"]
[EventType "swiss"]
[EventRounds "5"]
[EventCountry "CAN"]

1. d4 d5 2. c4 e6 3. Nc3 Nf6 4. Bg5 Be7 5. e3 O-O 6. Qc2 c6 7. Nf3 Nbd7 8. Bd3
Re8 9. O-O dxc4 10. Bxc4 Nd5 11. Bxe7 Qxe7 12. a3 N7b6 13. Bd3 h6 14. Ne4 e5
15. Ng3 exd4 16. exd4 Nf6 17. h3 Be6 18. Rfe1 Qf8 19. Bf5 Bxf5 20. Qxf5 Nbd5
21. Ne5 Rad8 22. Rad1 Nc7 23. Qf3 Ne6 24. Nf5 Nd5 25. Qg4 Kh8 26. Rd3 Nf6 27.
Qh4 Ng8 28. Rf3 Kh7 29. Qg4 Nf6 30. Qh4 Ng8 31. Nxf7 Qxf7 32. Nd6 Qxf3 33. gxf3
Rxd6 34. Qe4+ Kh8 35. Qg6 Re7 36. Kf1 Nf6 37. Re5 Nf8 38. Qf5 Red7 39. Re8 Nxe8
40. Qxf8+ Kh7 41. Qxe8 Rxd4 42. h4 Rd8 43. Qe6 R8d7 44. h5 R4d6 45. Qf5+ Kh8
46. f4 Rd5 47. Qe6 R5d6 48. Qe8+ Kh7 49. Kg2 c5 50. Kg3 b5 51. Kg4 Rd5 52. f5
Rd4+ 53. f4 Rd1 54. f6 gxf6 55. Qg6+ Kh8 56. Qxh6+ Kg8 57. Qxf6 Rg7+ 58. Kf3
Rd3+ 59. Ke2 Rdd7 60. h6 Rge7+ 61. Kf3 c4 62. Qg6+ Kh8 63. f5 Rd3+ 64. Kf4 Rd4+
65. Kg5 Rdd7 66. Qa6 Rb7 67. Qc6 Kh7 68. f6 Rec7 69. Qe4+ Kh8 70. Kg6 Rb8 71.
Qe5 Rg8+ 72. Kf5 Rf7 73. Qxb5 Rgf8 74. Qe5 Kh7 75. Qd4 a5 76. Ke6 Kxh6 77. Qh4+
Kg6 78. Qg4+ Kh7 79. Qg5 a4 80. Qh5+ Kg8 81. Qg6+ 1-0

[Event "Alberta-ch"]
[Site "Edmonton CAN"]
[Date "2006.02.18"]
[Round "1"]
[White "Huber, Greg"]
[Black "Lee, Vicente jr."]
[Result "1/2-1/2"]
[WhiteElo "2306"]
[BlackElo "2245"]
[PlyCount "129"]
[EventDate "2006.02.18"]
[EventType "tourn"]
[EventRounds "5"]
[EventCountry "CAN"]

1. e4 c5 2. Nc3 Nc6 3. Nge2 g6 4. d4 cxd4 5. Nxd4 Bg7 6. Nde2 d6 7. g3 Bg4 8.
Bg2 Ne5 9. h3 Bf3 10. O-O Nf6 11. Bxf3 Nxf3+ 12. Kg2 Ne5 13. f4 Ned7 14. Be3
O-O 15. g4 Nb6 16. Qd3 Nfd7 17. Rad1 Qc8 18. Bd4 Nc5 19. Qb5 Qe8 20. e5 Rc8 21.
exd6 exd6 22. b3 Ne4 23. Bxg7 Kxg7 24. Qxe8 Rfxe8 25. Rf3 Rc5 26. Nxe4 Rxe4 27.
Rd2 d5 28. Kf2 Re7 29. a4 Rec7 30. Nd4 a6 31. f5 Nc8 32. Rfd3 Nd6 33. Kf3 gxf5
34. gxf5 Kf6 35. Kf4 Re7 36. Re3 Rxe3 37. Kxe3 Rc3+ 38. Kf4 Ne4 39. Rh2 h6 40.
h4 Rc8 41. c4 Nd6 42. cxd5 Rc5 43. Rc2 Rxd5 44. Ke3 Nxf5+ 45. Nxf5 Rxf5 46. Rc7
Re5+ 47. Kf4 Re7 48. Rc4 Kg6 49. Rb4 h5 50. Rb6+ f6 51. b4 Rc7 52. a5 Re7 53.
b5 axb5 54. Rxb5 Rc7 55. Kf3 Rc4 56. Kg3 Rg4+ 57. Kh3 Ra4 58. Kg3 Ra3+ 59. Kg2
Ra1 60. Kg3 Rg1+ 61. Kh2 Rg4 62. Kh3 Ra4 63. Kg3 Kh6 64. Rf5 Kg6 65. Rb5
1/2-1/2

[Event "Alberta-ch"]
[Site "Edmonton CAN"]
[Date "2006.02.18"]
[Round "2"]
[White "Lee, Vicente jr."]
[Black "Reeve, Jeff"]
[Result "1/2-1/2"]
[WhiteElo "2245"]
[BlackElo "2345"]
[PlyCount "132"]
[EventDate "2006.02.18"]
[EventType "tourn"]
[EventRounds "5"]
[EventCountry "CAN"]

1. e4 c5 2. Nf3 Nc6 3. d4 cxd4 4. Nxd4 Nf6 5. Nc3 e5 6. Ndb5 d6 7. Bg5 a6 8.
Na3 b5 9. Nd5 Be7 10. Bxf6 Bxf6 11. c3 O-O 12. Nc2 Bg5 13. Nce3 Bxe3 14. Nxe3
Ne7 15. Be2 Bb7 16. Bf3 Qb6 17. O-O Rad8 18. a4 Kh8 19. axb5 axb5 20. Re1 f5
21. exf5 d5 22. Nc2 Nc6 23. Qe2 e4 24. Bg4 Ne5 25. Nd4 Bc8 26. Bh3 Nd3 27. Rf1
Rf6 28. Qe3 Nxb2 29. Rfb1 Nc4 30. Qg5 Bd7 31. Bg4 Rdf8 32. Ra2 Qc5 33. Be2 Ne5
34. Qe3 Nc4 35. Bxc4 Qxc4 36. Rab2 Bxf5 37. Rxb5 Be6 38. R1b4 Qa2 39. Rb2 Qa4
40. h3 Bg8 41. Rb7 Qd1+ 42. Kh2 Qf1 43. Re7 h6 44. Qg3 Bf7 45. f3 exf3 46. Nxf3
Kg8 47. Ne5 Qf4 48. Rbb7 Qxg3+ 49. Kxg3 Rf5 50. Kh2 Rf1 51. g4 Rf2+ 52. Kg3 Rf1
53. Rbd7 g5 54. h4 gxh4+ 55. Kxh4 Rh1+ 56. Kg3 Rf1 57. Ra7 Kg7 58. Rad7 Kg8 59.
Nxf7 R8xf7 60. Rxf7 Rxf7 61. Rxd5 Rc7 62. Rd3 Rc4 63. Rf3 Kg7 64. Kh4 Kg6 65.
Rd3 Rc6 66. Kg3 Rc4 1/2-1/2

[Event "Alberta-ch"]
[Site "Edmonton CAN"]
[Date "2006.02.19"]
[Round "3"]
[White "Gardner, Robert"]
[Black "Lee, Vicente jr."]
[Result "0-1"]
[WhiteElo "2265"]
[BlackElo "2245"]
[PlyCount "50"]
[EventDate "2006.02.18"]
[EventType "tourn"]
[EventRounds "5"]
[EventCountry "CAN"]

1. f4 c5 2. Nf3 g6 3. e4 Bg7 4. d3 Nc6 5. c3 d5 6. Qc2 Nf6 7. Be2 O-O 8. e5 Ng4
9. h3 Nh6 10. g4 d4 11. f5 Nxf5 12. gxf5 Bxf5 13. Bf4 dxc3 14. bxc3 c4 15. Qd2
cxd3 16. Bd1 Qb6 17. Bb3 Rad8 18. Na3 Qa6 19. Nc4 Be6 20. Ne3 Bxb3 21. Ng4 Bd5
22. O-O Bxf3 23. Rxf3 h5 24. Nh6+ Kh7 25. Re1 Qc4 0-1

[Event "Alberta-ch"]
[Site "Edmonton CAN"]
[Date "2006.02.19"]
[Round "4"]
[White "Neven, Knut"]
[Black "Lee, Vicente jr."]
[Result "0-1"]
[WhiteElo "2237"]
[BlackElo "2245"]
[PlyCount "132"]
[EventDate "2006.02.18"]
[EventType "tourn"]
[EventRounds "5"]
[EventCountry "CAN"]

1. d4 d5 2. c4 e6 3. Nc3 Nf6 4. Bg5 Be7 5. e3 O-O 6. Nf3 h6 7. Bh4 b6 8. cxd5
Nxd5 9. Bxe7 Qxe7 10. Nxd5 exd5 11. Bd3 Be6 12. O-O Nd7 13. Bb5 c5 14. Bxd7
Qxd7 15. Ne5 Qd6 16. Qd2 c4 17. a3 b5 18. f4 Bf5 19. g4 Be4 20. f5 f6 21. Ng6
Rfe8 22. Qb4 Qb6 23. Nf4 a5 24. Qd2 b4 25. Ne6 b3 26. Nc5 Re7 27. Rf4 Bc2 28.
Na4 Qd6 29. Nc3 Rae8 30. Rf3 Bd3 31. Re1 Kf7 32. Qg2 Be4 33. Nxe4 Rxe4 34. Kf1
Qa6 35. Kf2 a4 36. h3 Qa5 37. Re2 c3 38. bxc3 Qxc3 39. Qf1 Rc8 40. Kg3 Rc4 41.
h4 Qc1 42. g5 Qxf1 43. Rxf1 hxg5 44. hxg5 fxg5 45. Kf3 Kf6 46. Rg2 Rc8 47. Re2
Kxf5 48. Kg2+ Kg4 49. Kf2 Re6 50. Rg1+ Kf5 51. Kf3 g4+ 52. Kf2 Kg5 53. Rd1 Rc2
54. Rxc2 bxc2 55. Rc1 Rc6 56. e4 dxe4 57. d5 Rc3 58. Ke2 Kf4 59. Kd2 Rxa3 60.
Rxc2 Rd3+ 61. Ke2 Rxd5 62. Rc7 g5 63. Rf7+ Rf5 64. Ra7 g3 65. Rxa4 Rb5 66. Ra2
Rb1 0-1

[Event "Alberta-ch"]
[Site "Edmonton CAN"]
[Date "2006.02.20"]
[Round "5"]
[White "Lee, Vicente jr."]
[Black "Haessel, Dale"]
[Result "1-0"]
[WhiteElo "2245"]
[BlackElo "2251"]
[PlyCount "113"]
[EventDate "2006.02.18"]
[EventType "tourn"]
[EventRounds "5"]
[EventCountry "CAN"]

1. e4 c5 2. Nf3 d6 3. d4 cxd4 4. Nxd4 Nf6 5. Nc3 a6 6. Be2 e5 7. Nb3 Be7 8. O-O
O-O 9. Bg5 Nbd7 10. a4 b6 11. Bxf6 Nxf6 12. Bc4 Bb7 13. Qe2 Qc7 14. Rfd1 Rfc8
15. Nd2 Qc5 16. Bb3 Rd8 17. Nc4 Bf8 18. Qf3 Bc8 19. Ne3 Be6 20. Ncd5 Nxd5 21.
Nxd5 b5 22. h3 Ra7 23. axb5 axb5 24. Rxa7 Qxa7 25. Qg3 Be7 26. Qd3 Bh4 27. g3
Bxd5 28. Bxd5 Bg5 29. Qxb5 Rb8 30. Qc4 Bd8 31. b4 Bb6 32. Kg2 Qd7 33. Bc6 Qc7
34. Rd3 Rc8 35. b5 g5 36. Rf3 Kg7 37. Qa2 Qa7 38. Qxa7 Bxa7 39. Ra3 Bc5 40. Ra6
Rb8 41. g4 f6 42. f3 h5 43. Ra8 Rxa8 44. Bxa8 hxg4 45. fxg4 Kf8 46. Kf3 Ke7 47.
Ke2 Kd7 48. Kd3 Kc7 49. Kc4 Kb6 50. Bc6 Kc7 51. Kd5 Bg1 52. Ke6 Bf2 53. Kxf6
Bh4 54. c4 Kb6 55. Ke6 Kc7 56. c5 dxc5 57. Kxe5 1-0

[Event "Edmonton CC Closed"]
[Site "Edmonton CAN"]
[Date "2006.01.05"]
[Round "1.1"]
[White "Lee, Vicente jr."]
[Black "Asquith, Tom"]
[Result "1-0"]
[WhiteElo "2273"]
[BlackElo "1768"]
[PlyCount "87"]
[EventDate "2006.01.05"]
[EventType "k.o."]
[EventRounds "4"]
[EventCountry "CAN"]

1. e4 e5 2. Nf3 Nc6 3. Bb5 Nf6 4. O-O Nxe4 5. Re1 Nd6 6. Bxc6 dxc6 7. Nxe5 Be6
8. b3 Be7 9. Bb2 Bf6 10. d4 O-O 11. c4 Nf5 12. Qd3 Re8 13. Nd2 Bxe5 14. Rxe5
Ne7 15. Qg3 Ng6 16. Ree1 Qd7 17. Ne4 b6 18. Rad1 Bf5 19. f3 Rac8 20. Rd2 Re7
21. h4 Bxe4 22. fxe4 f6 23. h5 Ne5 24. Rf2 Qg4 25. Re3 Qd1+ 26. Rf1 Qxh5 27.
dxe5 fxe5 28. Ref3 Rce8 29. Qh3 Qg6 30. Qf5 Qxf5 31. exf5 e4 32. Re3 Rd7 33.
Rfe1 Rf8 34. g4 h5 35. f6 gxf6 36. Rxe4 Rg7 37. Kh2 Rxg4 38. Rxg4+ hxg4 39. Kg3
f5 40. Be5 Rf7 41. Kf4 Kh7 42. Rh1+ Kg6 43. Rh8 b5 44. c5 1-0

[Event "Edmonton CC Closed"]
[Site "Edmonton CAN"]
[Date "2006.01.12"]
[Round "1.2"]
[White "Asquith, Tom"]
[Black "Lee, Vicente jr."]
[Result "0-1"]
[WhiteElo "1768"]
[BlackElo "2273"]
[PlyCount "52"]
[EventDate "2006.01.05"]
[EventType "k.o."]
[EventRounds "4"]
[EventCountry "CAN"]

1. e4 c5 2. Nf3 e6 3. b3 Nc6 4. Bb2 a6 5. Be2 d5 6. exd5 exd5 7. d4 Nf6 8. O-O
Be7 9. Re1 O-O 10. h3 cxd4 11. Nxd4 Bb4 12. Rf1 Re8 13. Nd2 Qa5 14. N2f3 Bc3
15. Nxc6 bxc6 16. Bxc3 Qxc3 17. Bd3 Ne4 18. Qc1 Qf6 19. Re1 Bxh3 20. Bf1 Bg4
21. Qe3 Bxf3 22. gxf3 Nd6 23. Qc5 Nf5 24. Bxa6 Nh4 25. Rxe8+ Rxe8 26. Rd1 Qg5+
0-1

[Event "Edmonton CC Closed"]
[Site "Edmonton CAN"]
[Date "2006.01.19"]
[Round "2.1"]
[White "Lee, Vicente jr."]
[Black "Rekhson, Vladislav"]
[Result "1-0"]
[WhiteElo "2273"]
[BlackElo "2021"]
[PlyCount "91"]
[EventDate "2006.01.05"]
[EventType "k.o."]
[EventRounds "4"]
[EventCountry "CAN"]

1. e4 c5 2. Nf3 a6 3. c3 d5 4. exd5 Qxd5 5. d4 Nf6 6. Be2 Bg4 7. Be3 cxd4 8.
cxd4 e6 9. O-O Be7 10. Nc3 Qd6 11. h3 Bh5 12. Ne5 Bxe2 13. Qxe2 O-O 14. Nc4 Qd8
15. Qf3 Nc6 16. Rfd1 Nd5 17. Rac1 Rc8 18. Nxd5 exd5 19. Ne5 Bf6 20. Nxc6 Rxc6
21. Rxc6 bxc6 22. Qe2 Qb6 23. Rd3 g6 24. Qc2 Re8 25. Rb3 Qc7 26. Qc5 Kg7 27.
Rb6 Rxe3 28. fxe3 Qg3 29. Qc1 Bg5 30. Rb3 c5 31. dxc5 d4 32. exd4 Qxb3 33. Qxg5
Qd1+ 34. Kh2 Qxd4 35. Qc1 Qe5+ 36. Kh1 Kf6 37. c6 Qc7 38. Qc5 a5 39. a3 Ke6 40.
b4 Qf4 41. b5 Qf1+ 42. Kh2 Qf4+ 43. Kg1 Qd6 44. Qxd6+ Kxd6 45. a4 f5 46. Kf2
1-0

[Event "Edmonton CC Closed"]
[Site "Edmonton CAN"]
[Date "2006.01.10"]
[Round "2.2"]
[White "Rekhson, Vladislav"]
[Black "Lee, Vicente jr."]
[Result "1/2-1/2"]
[WhiteElo "2021"]
[BlackElo "2273"]
[PlyCount "43"]
[EventDate "2006.01.05"]
[EventType "k.o."]
[EventRounds "4"]
[EventCountry "CAN"]

1. e4 e5 2. Nf3 Nc6 3. Bb5 a6 4. Ba4 Nf6 5. O-O b5 6. Bb3 Be7 7. Ng5 O-O 8. f4
h6 9. fxe5 Nxe5 10. d4 Nc4 11. Nxf7 Rxf7 12. e5 d5 13. exf6 Rxf6 14. c3 Bd6 15.
Bc2 Rxf1+ 16. Qxf1 Qh4 17. g3 Bxg3 18. hxg3 Qxg3+ 19. Qg2 Qe1+ 20. Qf1 Qg3+ 21.
Qg2 Qe1+ 22. Qf1 1/2-1/2

[Event "Edmonton CC Closed"]
[Site "Edmonton CAN"]
[Date "2006.02.09"]
[Round "3.2"]
[White "Lee, Vicente jr."]
[Black "Haynes, Nicolas"]
[Result "1-0"]
[WhiteElo "2273"]
[BlackElo "2015"]
[PlyCount "88"]
[EventDate "2006.01.05"]
[EventType "k.o."]
[EventRounds "4"]
[EventCountry "CAN"]

1. d4 d5 2. c4 e6 3. Nc3 Be7 4. Nf3 Nf6 5. Bg5 O-O 6. e3 h6 7. Bh4 b6 8. Bd3
Bb7 9. Bxf6 Bxf6 10. cxd5 exd5 11. Rc1 c5 12. O-O Nd7 13. Bb1 Re8 14. Qd3 g6
15. b3 Rc8 16. Rfd1 a6 17. Qf1 cxd4 18. Nxd4 Ne5 19. h3 Qe7 20. Nce2 Rc5 21.
Nf4 Rec8 22. Nd3 Nxd3 23. Bxd3 Qc7 24. Rb1 a5 25. Qe2 Bxd4 26. exd4 Rc3 27. Qd2
Kg7 28. Bc4 Rxh3 29. gxh3 dxc4 30. bxc4 Bf3 31. d5 Bxd1 32. d6 Qxc4 33. d7 Rd8
34. Rxd1 Qe6 35. Qc3+ Qf6 36. Qc7 Qg5+ 37. Kh2 Qf6 38. Rd2 Qe7 39. a4 h5 40.
Rd5 Kh7 41. Kg2 Kg7 42. Kh2 Qf6 43. Kg2 Qe7 44. Kh2 Qf6 1-0

[Event "Edmonton CC Closed"]
[Site "Edmonton CAN"]
[Date "2006.02.16"]
[Round "4.1"]
[White "Li, Zhichao"]
[Black "Lee, Vicente jr."]
[Result "0-1"]
[WhiteElo "2203"]
[BlackElo "2273"]
[PlyCount "74"]
[EventDate "2006.01.05"]
[EventType "k.o."]
[EventRounds "4"]
[EventCountry "CAN"]

1. d4 d5 2. c4 e6 3. Nf3 Nf6 4. Nc3 c6 5. e3 Nbd7 6. Qc2 Bd6 7. b3 O-O 8. Bb2
Re8 9. Bd3 Qe7 10. O-O dxc4 11. bxc4 e5 12. Ng5 Nf8 13. Nce4 Nxe4 14. Nxe4 Bb8
15. Ng3 Ng6 16. Rae1 Qh4 17. f4 exf4 18. exf4 Qd8 19. d5 Rxe1 20. Rxe1 Bxf4 21.
Qe2 Bd7 22. Nh5 Bh6 23. Ba3 cxd5 24. cxd5 Qa5 25. Rf1 Qxa3 26. Qf3 Qc5+ 27. Kh1
Rf8 28. Be4 Qe3 29. Qd1 Qxe4 30. Ng3 Qe3 31. Qb1 b6 32. Qc2 Rc8 33. Qb2 Rc1 34.
Qb4 Rxf1+ 35. Nxf1 Qf2 36. Qc4 b5 37. Qd3 Nf4 0-1

[Event "Edmonton CC Closed"]
[Site "Edmonton CAN"]
[Date "2006.02.23"]
[Round "4.2"]
[White "Lee, Vicente jr."]
[Black "Li, Zhichao"]
[Result "1-0"]
[WhiteElo "2273"]
[BlackElo "2203"]
[PlyCount "71"]
[EventDate "2006.01.05"]
[EventType "k.o."]
[EventRounds "4"]
[EventCountry "CAN"]

1. Nf3 d5 2. d4 Nf6 3. c4 c6 4. Nc3 dxc4 5. a4 Bf5 6. e3 e6 7. Bxc4 Bb4 8. O-O
O-O 9. h3 h6 10. Qb3 Qe7 11. Bd2 a5 12. Rfe1 Bh7 13. Na2 Bd6 14. Bd3 Be4 15.
Bxe4 Nxe4 16. Qc2 Nxd2 17. Nxd2 Na6 18. Nc4 Nb4 19. Nxb4 Bxb4 20. Red1 Rad8 21.
Qe4 Qf6 22. Rac1 Rfe8 23. Ne5 Rd5 24. Nd3 Bd6 25. Rc3 Rd8 26. Rdc1 e5 27. dxe5
Bxe5 28. Rb3 R8d7 29. f4 Bc7 30. Rxb7 Rxd3 31. Rxc7 Rxc7 32. Qxd3 Qxb2 33. Rb1
Rd7 34. Qe4 Re7 35. Qf5 g6 36. Qc8+ 1-0